000 01399nam a2200313 i 4500
003 DO-SdBNP
005 20251103102417.0
007 ta
008 251103b2025 dr ac||| |||| 00| 0 spa d
020 _a9786077948049
040 _aDO-SdBNP
_bspa
_cBNPHU
_erda
041 _aspa
082 4 _axxx
_bV164d
_222
100 1 _aValerio Lora, Mery
_eautor
_4aut.
_988765
245 1 0 _aDetrás de la tormenta es donde habita el silencio /
_cMery Valerio Lora, Engel Valerio ; fotografía, Diego Sánchez, Engel Segura ; corrección de estilo, Alicia Almonte, Liz Alcantara, Pavel Colón ; diseño y diagramación, NG Media ; portada Nelson Gómez ; revisión, José Rafael Vargas, Ligia Amada Melo, Luis García ; prólogo, Omar Fernández.
264 _aSanto Domingo, República Dominicana :
_bEditorial Cámara Nacional de las Artes.
_c2025.
300 _a175 páginas :
_bilustraciones, retratos, fotografias ;
_c24 cm.
336 _atexto
_btxt
_2rdacontent
337 _asin mediación
_bn
_2rdamedia
338 _avolumen
_bnc
_2rdacarrier
500 _aIncluye datos biográficos de los autores en las solapas.
504 _aBibliografía: página 175
590 _aInventariado, 2025 /LP
700 1 _aSegura, Engel
_eautor
_4aut.
_988766
700 1 _aSegura, Engel,
_efotógrafo
_4fot.
_988766
700 1 _aSánchez, Diego,
_efotógrafo
_4fot.
_988767
910 _aLP
942 _2ddc
_cLBS1
999 _c59997
_d59997